Harry Potter - Les élèves de Poudlard - Statistiques

Statistiques générales
  • Ce quiz a été pris 23 fois
    14 depuis la dernière actualisation
  • Le résultat moyen est 19 sur 43
Statistiques - réponses
Init Elève % Correct
HP Harry Potter
100%
HG Hermione Granger
100%
FW Fred Weasley
93%
GW George Weasley
93%
GW Ginny Weasley
93%
LL Luna Lovegood
93%
NL Neville Londubat
93%
RW Ron Weasley
93%
DM Drago Malefoy
86%
CD Cedric Diggory
71%
CC Cho Chang
64%
PW Percy Weasley
64%
DT Dean Thomas
57%
GG Gregory Goyle
57%
OD Olivier Dubois
57%
PP Parvati Patil
57%
VC Vincent Crabbe
57%
KB Katie Bell
50%
LB Lavande Brown
50%
PP Pansy Parkinson
50%
SF Seamus Finnigan
50%
CC Colin Crivey
43%
PP Padma Patil
43%
LJ Lee Jordan
36%
BZ Blaise Zabini
29%
AJ Angelina Johnson
21%
CML Cormac MCLaggen
21%
HA Hannah Abbot
21%
SB Susan Bones
21%
AS Alicia Spinnet
14%
DC Dennis Crivey
14%
EMM Ernie McMillan
14%
ME Marietta Edgecombe
14%
MC Michael Corner
14%
TB Terry Boot
14%
MB Marcus Belby
7%
MF Marcus Flint
7%
MB Milicent Bulstrode
7%
RD Roger Davies
7%
ZS Zacharias Smith
7%
AP Adrian Pucey
0%
JP Jimmy Peakes
0%
JFF Justin Flinch Fletchley
0%
Aucun quiz correspondant
Distribution des résultats
% des personnes avec chaque résultat
Percentile par nombre de réponses
Votre historique - résultats
Vous n’avez pas pris ce quiz depuis la dernière actualisation